عرض عادي
عرض مارك
- Macnee, Carol L.
مدخل إسم شخص
001 - رقم الضبط
- حقل الضبط: 38267
003 - معرف رقم الضبط
- حقل الضبط: OSt
005 - تاريخ ووقت أخر عملية
- حقل الضبط: 20131026154830.0
008 - عناصر بيانات ثابتة الطول
- حقل تحكم ثابت الطول: 131026|||a|||||| | ||| d
040 ## - مصدر الفهرسة
- هيئة الفهرسة الأصلية: OSt
- وكالة الكتابة: OSt
100 ## - مدخل -- أسم شخص
- إسم شخص: Macnee, Carol L.
- الشكل الكامل للاسم: (Carol Leslie).
- عنوان العمل: Understanding nursing research.
670 ## - بيانات المصدر موجوده
- الاستشهاد بالمصدر: Work cat.: (OSt)0: Understanding nursing research :, c2012.
